Ramona and her mother / (Record no. 1285)

MARC details
000 -LEADER
fixed length control field 00950pam a2200301 i 4500
005 - DATE AND TIME OF LATEST TRANSACTION
control field 20230815131251.0
020 ## - INTERNATIONAL STANDARD BOOK NUMBER
International Standard Book Number 0688221955
020 ## - INTERNATIONAL STANDARD BOOK NUMBER
International Standard Book Number 068832195X (lib. bdg.)
020 ## - INTERNATIONAL STANDARD BOOK NUMBER
International Standard Book Number 9780380709526
040 ## - CATALOGING SOURCE
Original cataloging agency DLC
Transcribing agency DLC
Modifying agency DLC
Language of cataloging eng
050 00 - LIBRARY OF CONGRESS CALL NUMBER
Classification number PZ7.C5792
Item number Raif
082 00 - DEWEY DECIMAL CLASSIFICATION NUMBER
Classification number [Fic]
100 1# - MAIN ENTRY--PERSONAL NAME
Personal name Cleary, Beverly
245 10 - TITLE STATEMENT
Title Ramona and her mother /
Statement of responsibility, etc. Beverly Cleary ; illustrated by Alan Tiegreen.
260 ## - PUBLICATION, DISTRIBUTION, ETC.
Place of publication, distribution, etc. New York :
Name of publisher, distributor, etc. Morrow,
Date of publication, distribution, etc. 1979.
300 ## - PHYSICAL DESCRIPTION
Extent 207 pages :
Other physical details Illustrations ;
Dimensions 20 cm.
505 ## - FORMATTED CONTENTS NOTE
Formatted contents note W <br/>
520 ## - SUMMARY, ETC.
Summary, etc. Ramona at 7 1/2 sometimes feels discriminated against by being the youngest in the family.
521 ## - TARGET AUDIENCE NOTE
Target audience note 860 <br/>
Source Lexile <br/>
521 ## - TARGET AUDIENCE NOTE
Target audience note W <br/>
Source Raz-Plus <br/>
650 #1 - SUBJECT ADDED ENTRY--TOPICAL TERM
Topical term or geographic name entry element Family life
General subdivision Fiction.
650 #1 - SUBJECT ADDED ENTRY--TOPICAL TERM
Topical term or geographic name entry element Mothers and daughters
General subdivision Fiction.
700 1# - ADDED ENTRY--PERSONAL NAME
Personal name Tiegreen, Alan
906 ## - LOCAL DATA ELEMENT F, LDF (RLIN)
a 7
b cbc
c orignew
d 1
e ocip
f 19
g y-gencatlg
942 ## - ADDED ENTRY ELEMENTS (KOHA)
Source of classification or shelving scheme Dewey Decimal Classification
Koha item type Books
Suppress in OPAC No
999 ## -
-- 1285
-- 1285
Holdings
Withdrawn status Lost status Source of classification or shelving scheme Damaged status Not for loan Collection Home library Current library Shelving location Date acquired Total Checkouts Full call number Barcode Date last seen Price effective from Koha item type
    Dewey Decimal Classification     Juvenile Fiction Footprints International School Library Network Toul Kork Campus Footprints International School Library Network Toul Kork Campus TTP Secondary Fiction Bookshelves 08/11/2023   CLE Fic PZ7.C5792 FISBK00673 08/11/2023 08/11/2023 Books